[Event "Madrid San Viator op-B 29th"]
[Site "Madrid"]
[Date "2017.11.01"]
[Round "7"]
[White "Crespo Gomez, Ruben"]
[Black "Lopez Martin, Israel"]
[Result "0-1"]
[WhiteElo "1204"]
[BlackElo "1444"]
[PlyCount "70"]
[EventDate "2017.09.17"]
[EventType "swiss"]
[EventRounds "9"]
[EventCountry "ESP"]
[SourceTitle "EXT 2019"]
[Source "ChessBase"]
[SourceDate "2018.10.10"]
[SourceVersion "1"]
[SourceVersionDate "2018.10.10"]
[SourceQuality "1"]

1. d4 d5 2. e3 Nf6 3. Bd3 Nc6 4. f4 e6 5. c3 Ne4 6. Nf3 Bd7 7. Nbd2 f5 8. 0-0 h6 9. Ne5 Nxe5 10. dxe5 Qh4 11. Qf3 0-0-0 12. Be2 Bc5 13. Nxe4 fxe4 14. Qf2 Qe7 15. b4 Bb6 16. a4 a6 17. Bd2 g5 18. c4 dxc4 19. Bxc4 gxf4 20. Qxf4 Bc6 21. Qf7 Qxf7 22. Rxf7 Rxd2 23. Bxe6+ Bd7 24. Rxd7 Bxe3+ 25. Kh1 Rxd7 26. Rd1 Rhd8 27. Bxd7+ Rxd7 28. Rxd7 Kxd7 29. g3 Ke6 30. Kg2 Kxe5 31. Kf1 Kd4 32. h4 Kc4 33. Ke2 Bd4 34. g4 Kxb4 35. Kd2 Kxa4 0-1

[Event "Madrid San Viator op-B 28th"]
[Site "Madrid"]
[Date "2017.05.14"]
[Round "6"]
[White "Martinez Pintor, Juan"]
[Black "Lopez Martin, Israel"]
[Result "1-0"]
[WhiteElo "1657"]
[BlackElo "1431"]
[PlyCount "65"]
[EventDate "2017.03.26"]
[EventType "swiss"]
[EventRounds "9"]
[EventCountry "ESP"]
[SourceTitle "EXT 2019"]
[Source "ChessBase"]
[SourceDate "2018.10.10"]
[SourceVersion "1"]
[SourceVersionDate "2018.10.10"]
[SourceQuality "1"]

1. d4 d5 2. c4 c6 3. Nc3 Nf6 4. e3 e6 5. b3 Bb4 6. Bb2 Nbd7 7. Bd3 c5 8. Nge2 cxd4 9. exd4 b6 10. 0-0 Bd6 11. cxd5 Bxh2+ 12. Kxh2 Ng4+ 13. Kg3 Qg5 14. Ne4 Qxd5 15. N2c3 Qxd4 16. Na4 Qd5 17. Bc2 Qxd1 18. Raxd1 h5 19. Nd6+ Ke7 20. Ba3 Ba6 21. Rfe1 Ngf6 22. Nc3 Nc5 23. Nce4 Nfxe4+ 24. Nxe4 h4+ 25. Kh3 Rac8 26. Nxc5 bxc5 27. Be4 f5 28. Bxf5 Kf6 29. Bxe6 Rce8 30. Bb2+ Kg6 31. Rd7 Rh7 32. Bf7+ Kg5 33. Rd5+ 1-0

[Event "Madrid San Viator op-B 27th"]
[Site "Madrid"]
[Date "2016.10.23"]
[Round "6"]
[White "Carnero Barbulo, Daniel"]
[Black "Lopez Martin, Israel"]
[Result "1-0"]
[WhiteElo "1325"]
[BlackElo "1478"]
[PlyCount "63"]
[EventDate "2016.09.25"]
[EventType "swiss"]
[EventRounds "9"]
[EventCountry "ESP"]
[SourceTitle "EXT 2019"]
[Source "ChessBase"]
[SourceDate "2018.10.10"]
[SourceVersion "1"]
[SourceVersionDate "2018.10.10"]
[SourceQuality "1"]

1. d4 d5 2. c4 c6 3. Nf3 Nf6 4. Bg5 Nbd7 5. e3 e6 6. Nc3 Bb4 7. a3 Ba5 8. b4 Bc7 9. c5 b6 10. b5 Bb7 11. Qa4 bxc5 12. bxc6 Nb6 13. Qb5 Bc8 14. Qxc5 Bd6 15. Qb5 Qc7 16. Bxf6 gxf6 17. Bd3 a5 18. 0-0 Ba6 19. Qb1 Qxc6 20. Rc1 Nc4 21. Bxc4 Bxc4 22. Ne2 Rb8 23. Qc2 Qa6 24. Nf4 e5 25. Qf5 exf4 26. Qxf6 Rg8 27. Ne5 Rb7 28. Rab1 Rg6 29. Qh8+ Rg8 30. Qxg8+ Ke7 31. Rxb7+ Qxb7 32. Qxf7+ 1-0

[Event "Madrid San Viator op-B 27th"]
[Site "Madrid"]
[Date "2016.10.12"]
[Round "4"]
[White "Lopez Martin, Israel"]
[Black "Aparicio Iriso, Miguel"]
[Result "1-0"]
[WhiteElo "1478"]
[BlackElo "1325"]
[PlyCount "81"]
[EventDate "2016.09.25"]
[EventType "swiss"]
[EventRounds "9"]
[EventCountry "ESP"]
[SourceTitle "EXT 2017"]
[Source "ChessBase"]
[SourceDate "2016.10.25"]
[SourceVersion "1"]
[SourceVersionDate "2016.10.25"]
[SourceQuality "1"]

1. d4 Nf6 2. Nf3 e6 3. e3 c5 4. c3 b6 5. Bd3 Bb7 6. Nbd2 Be7 7. Qc2 cxd4 8. cxd4 Nc6 9. a3 0-0 10. e4 h6 11. e5 Nd5 12. Ne4 Qc7 13. g4 f6 14. h4 fxe5 15. Nxe5 Bd6 16. Ng6 Rf7 17. g5 Nxd4 18. Qd1 Nf5 19. gxh6 gxh6 20. Qh5 Kh7 21. Ng5+ Kg7 22. Nxf7 Kxf7 23. Bxf5 exf5 24. Qxf5+ Nf6 25. Bxh6 Bxh1 26. Bg5 Re8+ 27. Kd1 Re6 28. Nh8+ Kg7 29. h5 Nxh5 30. Qf7+ Kxh8 31. Qxh5+ Kg7 32. Qxh1 Be5 33. Rc1 Qd6+ 34. Kc2 Qc6+ 35. Kb1 Qxh1 36. Rxh1 Rg6 37. Be3 Kf7 38. f4 Bg7 39. f5 Rg2 40. b4 Rg5 41. Bxg5 1-0

[Event "Madrid San Viator op-B 26th"]
[Site "Madrid"]
[Date "2016.05.29"]
[Round "8"]
[White "Jimenez Sanchez, Juan Daniel"]
[Black "Lopez Martin, Israel"]
[Result "1-0"]
[WhiteElo "1322"]
[BlackElo "1583"]
[PlyCount "49"]
[EventDate "2016.04.03"]
[EventType "swiss"]
[EventRounds "9"]
[EventCountry "ESP"]
[SourceTitle "EXT 2017"]
[Source "ChessBase"]
[SourceDate "2016.10.25"]
[SourceVersion "1"]
[SourceVersionDate "2016.10.25"]
[SourceQuality "1"]

1. d4 d5 2. Nf3 Nf6 3. c4 c6 4. g3 Bg4 5. Bg2 e6 6. Nbd2 Nbd7 7. 0-0 Bb4 8. cxd5 exd5 9. a3 Bd6 10. b4 a6 11. Re1 Ne4 12. Qc2 Ndf6 13. Ne5 Bxe5 14. dxe5 Nxd2 15. exf6 Nc4 16. fxg7 Rg8 17. Qxh7 Kd7 18. Bh3 Bxh3 19. Qxh3+ Kc7 20. Bf4+ Kb6 21. Qh6 Qd7 22. Qf6 Qg4 23. Qd4+ Kb5 24. a4+ Kxb4 25. Bd2+ 1-0